Richard Yates up close : (Record no. 4172)
[ view plain ]
| 000 -LEADER | |
|---|---|
| fixed length control field | 00575nam a22001937a 4500 |
| 003 - CONTROL NUMBER IDENTIFIER | |
| control field | OSt |
| 005 - DATE AND TIME OF LATEST TRANSACTION | |
| control field | 20150624114511.0 |
| 008 - FIXED-LENGTH DATA ELEMENTS--GENERAL INFORMATION | |
| fixed length control field | |
| 020 ## - INTERNATIONAL STANDARD BOOK NUMBER | |
| International Standard Book Number | 9780786460595 (softcover : alk. paper) |
| 040 ## - CATALOGING SOURCE | |
| Original cataloging agency | SEKU |
| 050 00 - LIBRARY OF CONGRESS CALL NUMBER | |
| Classification number | PS 3575 |
| Item number | .A83 Z75 |
| 100 1# - MAIN ENTRY--PERSONAL NAME | |
| Personal name | Naparsteck, M. J. |
| 245 10 - TITLE STATEMENT | |
| Title | Richard Yates up close : |
| Remainder of title | the writer and his works / |
| Statement of responsibility, etc. | Martin Naparsteck. |
| 260 ## - PUBLICATION, DISTRIBUTION, ETC. (IMPRINT) | |
| Place of publication, distribution, etc. | Jefferson, N.C. : |
| Name of publisher, distributor, etc. | McFarland & Co., |
| Date of publication, distribution, etc. | c2012. |
| 300 ## - PHYSICAL DESCRIPTION | |
| Extent | 193 p. ; |
| 504 ## - BIBLIOGRAPHY, ETC. NOTE | |
| Bibliography, etc | Includes bibliographical references and index. |
| 650 ## - SUBJECT ADDED ENTRY--TOPICAL TERM | |
| Topical term or geographic name as entry element | Criticism and interpretation |
| Chronological subdivision | 1926-1992 |
| 942 ## - ADDED ENTRY ELEMENTS (KOHA) | |
| Source of classification or shelving scheme | Library of Congress Classification |
| Koha item type | General circulation |
| Withdrawn status | Lost status | Source of classification or shelving scheme | Damaged status | Not for loan | Home library | Current library | Date acquired | Source of acquisition | Total Checkouts | Full call number | Barcode | Date last seen | Price effective from | Koha item type |
|---|---|---|---|---|---|---|---|---|---|---|---|---|---|---|
| Library of Congress Classification | Main Campus Library | Main Campus Library | 24/06/2015 | Books for Africa | PS 3575 .A83 Z75 | 2015/000453 | 24/06/2015 | 24/06/2015 | General circulation |